Batman e Miss América - especial n° 08 / (Record no. 328)

MARC details
000 -LÍDER
campo de controle de tamanho fixo 01451nam a2200337 4500
001 - NÚMERO DE CONTROLE
campo de controle 328
003 - IDENTIFICADOR DO NÚMERO DE CONTROLE
campo de controle OSt
005 - DATA E HORÁRIO DA ÚLTIMA TRANSAÇÃO
campo de controle 20250528074018.0
008 - CAMPO DE DADOS FIXOS--INFORMAÇÃO GERAL
campo de controle de tamanho fixo 250327b |||||||g |||| 00| 1 eng d
040 ## - FONTE DA CATALOGAÇÃO
Idioma da catalogação por
041 ## - CÓDIGO DE IDIOMA
Código do idioma do original e/ou traduções intermediárias do texto eng
Código do idioma do texto/trilha sonora ou título diferente por
082 ## - CDD - CLASSIFICAÇÃO DECIMAL DE DEWEY
Número de Classificação 028.5
Número do exemplar K16b
100 1# - ENTRADA PRINCIPAL--NOME PESSOAL
Nome pessoal Kane, Bob,
Datas associadas ao nome 1916-1998
9 (RLIN) 670
240 ## - TÍTULO UNIFORME
Título uniforme Batman and Miss America - special n° 08
245 ## - TÍTULO
Título Batman e Miss América - especial n° 08 /
Indicação de responsabilidade, etc. Kane, Bob ; História de Bob Haney e Desenho de Mike Sekowsky
260 ## - PUBLICAÇÃO, DISTRIBUIÇÃO, ETC.
Local de publicação, distribuição, etc. São Paulo
Nome do editor, distribuidor, etc. EBAL
Data da publicação, distribuição, etc. 1971
300 ## - DESCRIÇÃO FÍSICA
Extensão 26 p.
Outros detalhes físicos il.
490 1# - TÍTULO DA SÉRIE
Título da série Batman (em cores) 1° série
Número do volume ou designação sequencial da série vol. 08
520 ## - NOTA DE RESUMO, ETC.
Resumo, etc. Publicada pela primeira vez em Brave And The Bold, The (1955) n° 87/1969 - DC Comics<br/>Bruce Wayne está disputando uma corrida na França, onde casualmente encontra a Mulher-Maravilha (chamada aqui de “Miss América”), agora sem seus poderes e com visual mod-londrino. As coisas se complicam quando o corredor do carro “Viúva Negra” usa de métodos assassinos para vencer a disputa. Repare que, aqui, a heroína desconhece que Batman é Bruce Wayne.
650 #0 - ASSUNTO--TERMO TÓPICO
Cabeçalho tópico ou nome geográfico Literatura Americana
9 (RLIN) 84
650 #0 - ASSUNTO--TERMO TÓPICO
Cabeçalho tópico ou nome geográfico Infantojuvenil
9 (RLIN) 200
650 #0 - ASSUNTO--TERMO TÓPICO
Cabeçalho tópico ou nome geográfico Aventura
9 (RLIN) 47
650 #0 - ASSUNTO--TERMO TÓPICO
Cabeçalho tópico ou nome geográfico Ação
9 (RLIN) 64
650 #0 - ASSUNTO--TERMO TÓPICO
Cabeçalho tópico ou nome geográfico Super-heróis
9 (RLIN) 671
655 #0 - TERMO DE ÍNDICE--GÊNERO E FORMA
Gênero/forma/ou termo foco HQs
655 #0 - TERMO DE ÍNDICE--GÊNERO E FORMA
Gênero/forma/ou termo foco Ficção
700 ## - ENTRADA ADICIONADA - NOME PESSOAL
Nome pessoal Bob Haney
Função do autor por extenso História
9 (RLIN) 672
700 ## - ENTRADA ADICIONADA - NOME PESSOAL
Nome pessoal Mike Sekowsky
Função do autor por extenso Desenho
9 (RLIN) 673
830 ## - ENTRADA SECUNDÁRIA DE SÉRIE--TÍTULO UNIFORME
Título uniforme Batman (em cores) 1° série
Número do volume ou designação sequencial da série vol. 08
9 (RLIN) 674
942 ## - ELEMENTOS DE ENTRADA ADICIONADOS (KOHA)
Fonte de classificação ou esquema de arquivamento Classificação decimal de Dewey
Ocultar no OPAC Não
Tipo de material Koha Livros
Holdings
Situação do descarte Situação das perdas Fonte de classificação ou esquema de arquivamento Materiais especificados (volume encadernado ou outra parte) Status danificado Não pode ser emprestado Coleção Biblioteca de origem Biblioteca atual Localização na estante Data de aquisição Total de empréstimos Número de chamada completo Código de barras Data de último acesso Data do preço efetivo Tipo de material Koha
    Classificação decimal de Dewey vol. 08     HQs, Gibis e Mangás Biblioteca Professor Eduardo Afonso de Castro Biblioteca Professor Eduardo Afonso de Castro HQs, Gibis e Mangás 27.03.2025   IJ 028.5 / K16b 2025-17282 27.03.2025 27.03.2025 Livros

Powered by Koha